[Event "Liape Magistral 09-B email"]
[Site "Liape email"]
[Date "2002.10.20"]
[Round "6"]
[White "Conde Poderoso, Jose Antonio"]
[Black "Paiva Moreira, Jose A"]
[Result "1/2-1/2"]
[WhiteElo "2170"]
[BlackElo "2272"]
[PlyCount "55"]
[EventDate "2002.10.15"]
[EventType "tourn (corr)"]
[EventRounds "7"]
[EventCountry "ARG"]
[SourceTitle "Corr 2006"]
[Source "ChessBase"]
[SourceDate "2006.04.01"]
[SourceVersion "3"]
[SourceVersionDate "2006.04.01"]
[SourceQuality "1"]

1. e4 c5 2. Nf3 Nc6 3. d4 cxd4 4. Nxd4 Nf6 5. Nc3 e5 6. Ndb5 d6 7. Bg5 a6 8. Na3 b5 9. Nd5 Be7 10. Bxf6 Bxf6 11. c3 0-0 12. Nc2 Bg5 13. a4 bxa4 14. Rxa4 a5 15. Bc4 Rb8 16. b3 Kh8 17. 0-0 f5 18. exf5 Bxf5 19. Nce3 Be6 20. Qd3 Bxe3 21. Nxe3 Bxc4 22. Qxc4 Ne7 23. Ra3 Rc8 24. Qd3 d5 25. Qd2 Rc5 26. Rd1 Qc7 27. h3 Rb8 28. Re1 1/2-1/2

[Event "Liape Magistral 09-B email"]
[Site "Liape email"]
[Date "2002.10.19"]
[Round "5"]
[White "Paiva Moreira, Jose A"]
[Black "Bascetta, Biagio J"]
[Result "1/2-1/2"]
[WhiteElo "2272"]
[BlackElo "2300"]
[PlyCount "46"]
[EventDate "2002.10.15"]
[EventType "tourn (corr)"]
[EventRounds "7"]
[EventCountry "ARG"]
[SourceTitle "Corr 2006"]
[Source "ChessBase"]
[SourceDate "2006.04.01"]
[SourceVersion "3"]
[SourceVersionDate "2006.04.01"]
[SourceQuality "1"]

1. f4 d5 2. Nf3 Nf6 3. e3 g6 4. b3 Bg7 5. Bb2 0-0 6. Be2 c5 7. 0-0 Nc6 8. Ne5 Qc7 9. Nxc6 Qxc6 10. Bf3 Qb6 11. Qe2 Bf5 12. g4 Bxc2 13. g5 Ne8 14. Bxg7 Nxg7 15. Nc3 Be4 16. Nxe4 dxe4 17. Bxe4 Rfd8 18. Rac1 Rac8 19. d3 e6 20. Rc3 Nf5 21. Rfc1 Nd6 22. Bf3 Qb4 23. Qb2 b6 1/2-1/2

[Event "Liape Magistral 09-B email"]
[Site "Liape email"]
[Date "2002.10.15"]
[Round "1"]
[White "Paiva Moreira, Jose A"]
[Black "Rosso, Pier Andrea"]
[Result "1-0"]
[WhiteElo "2272"]
[BlackElo "2101"]
[PlyCount "103"]
[EventDate "2002.10.15"]
[EventType "tourn (corr)"]
[EventRounds "7"]
[EventCountry "ARG"]
[SourceTitle "Corr 2006"]
[Source "ChessBase"]
[SourceDate "2006.04.01"]
[SourceVersion "3"]
[SourceVersionDate "2006.04.01"]
[SourceQuality "1"]

1. f4 f5 2. Nf3 Nf6 3. e3 e6 4. b3 Be7 5. Bb2 b6 6. c4 Bb7 7. Nc3 0-0 8. Be2 Ne4 9. 0-0 Bf6 10. d4 d6 11. Qc2 Nxc3 12. Bxc3 Qe8 13. Nd2 c5 14. a3 Nc6 15. Qd3 Rd8 16. Bf3 d5 17. cxd5 exd5 18. Rfe1 Ne7 19. dxc5 bxc5 20. Rac1 Rc8 21. Nc4 Qc6 22. Bxf6 Qxf6 23. Ne5 Rfd8 24. b4 c4 25. Qd4 Qb6 26. g3 Ba8 27. Rc3 Qxd4 28. exd4 Rc7 29. Kf2 Nc8 30. a4 Kf8 31. b5 Nd6 32. h4 Rb8 33. Nd3 Re7 34. Nc5 Rxe1 35. Kxe1 Re8+ 36. Kd2 Kf7 37. Re3 Ne4+ 38. Bxe4 fxe4 39. g4 h5 40. Rg3 hxg4 41. Rxg4 Rh8 42. Nd7 Rh6 43. Ne5+ Kg8 44. f5 a6 45. Rg6 axb5 46. axb5 Kh7 47. Re6 Rxh4 48. Re8 Kh6 49. Rxa8 Kg5 50. Ra1 Rh2+ 51. Kc3 Kxf5 52. b6 1-0

[Event "Liape Magistral 09-A email"]
[Site "Liape email"]
[Date "2002.09.26"]
[Round "7"]
[White "Paiva Moreira, Jose A"]
[Black "Garcia, Hamlet Danilo"]
[Result "1-0"]
[WhiteElo "2272"]
[BlackElo "2252"]
[PlyCount "107"]
[EventDate "2002.09.20"]
[EventType "tourn (corr)"]
[EventRounds "7"]
[EventCountry "ARG"]
[SourceTitle "Corr 2006"]
[Source "ChessBase"]
[SourceDate "2006.04.01"]
[SourceVersion "3"]
[SourceVersionDate "2006.04.01"]
[SourceQuality "1"]

1. e4 e5 2. Nf3 Nf6 3. d4 Nxe4 4. Bd3 d5 5. Nxe5 Nd7 6. Nxd7 Bxd7 7. 0-0 Bd6 8. Qh5 Qf6 9. Qxd5 Bc6 10. Qc4 0-0 11. Nc3 Nxc3 12. Qxc3 Rfe8 13. h3 Bd5 14. Be3 c5 15. dxc5 Be5 16. Qd2 Bxb2 17. Rab1 g6 18. Bxg6 Rad8 19. Bd3 Qg7 20. g3 Be5 21. Bg5 f6 22. Bf4 Kh8 23. a3 Bc6 24. Rfe1 Rd4 25. Bxe5 fxe5 26. c3 Rh4 27. Bf1 Ra4 28. Bb5 Rxa3 29. Bxc6 bxc6 30. Qd6 Rxc3 31. Qxc6 Rf8 32. Re2 e4 33. Qxe4 Rxc5 34. Rb7 Rc1+ 35. Kh2 Rc7 36. Rxc7 Qxc7 37. Qd4+ Qg7 38. Qc5 a6 39. Re6 Qf7 40. f4 a5 41. Qc3+ Kg8 42. Re5 Qa2+ 43. Kg1 Qb1+ 44. Kf2 Qb6+ 45. Kf3 Qb7+ 46. Kg4 h6 47. Qxa5 Qg7+ 48. Kf3 Qd7 49. Qd5+ Rf7 50. g4 Kg7 51. Kg3 Qxd5 52. Rxd5 Kh7 53. f5 Rc7 54. Kh4 1-0

[Event "Liape Magistral 09-A email"]
[Site "Liape email"]
[Date "2002.09.25"]
[Round "6"]
[White "Da Silva, Flavio Arnaldo Brag"]
[Black "Paiva Moreira, Jose A"]
[Result "0-1"]
[WhiteElo "2286"]
[BlackElo "2272"]
[PlyCount "96"]
[EventDate "2002.09.20"]
[EventType "tourn (corr)"]
[EventRounds "7"]
[EventCountry "ARG"]
[SourceTitle "Corr 2006"]
[Source "ChessBase"]
[SourceDate "2006.04.01"]
[SourceVersion "3"]
[SourceVersionDate "2006.04.01"]
[SourceQuality "1"]

1. e4 c5 2. Nf3 Nc6 3. d4 cxd4 4. Nxd4 Nf6 5. Nc3 e5 6. Ndb5 d6 7. Bg5 a6 8. Na3 b5 9. Bxf6 gxf6 10. Nd5 f5 11. Bd3 Be6 12. Qh5 Rg8 13. c3 Rxg2 14. Qf3 Rg4 15. h3 Rh4 16. exf5 Bxd5 17. Qxd5 Ne7 18. Qg2 d5 19. Rd1 Rf4 20. f6 Rxf6 21. Nc2 e4 22. Be2 Rg6 23. Qh2 Bg7 24. Qf4 Qb8 25. Qxb8+ Rxb8 26. Nb4 Rd6 27. Rg1 Kf8 28. a3 Rbd8 29. Nc2 d4 30. Nxd4 Bxd4 31. Rxd4 Rxd4 32. cxd4 Nc6 33. Rg5 Nxd4 34. Bg4 f5 35. Rxf5+ Nxf5 36. Bxf5 Rd3 37. Bxh7 Rxh3 38. Bxe4 Rb3 39. Bb7 a5 40. Kd2 Rxb2+ 41. Kc3 Rxf2 42. Bc6 Rf5 43. Be4 Rh5 44. Bg2 Ke7 45. Bf1 Kd6 46. Bd3 Rh3 47. Kd2 Rxd3+ 48. Kxd3 Kd5 0-1